| 000 | 00784nam a2200265 a 4500 | ||
|---|---|---|---|
| 001 | 47041 | ||
| 003 | BD-RjUL | ||
| 005 | 20211209054242.0 | ||
| 008 | 160806s1960 maua b 001 0 eng | ||
| 020 | _a0395254892 | ||
| 035 | _a(BD-RjUL)47160 | ||
| 040 |
_aDLC _cDLC _dDLC _beng |
||
| 041 | _aeng | ||
| 082 | 0 | 0 |
_a370.15 _220 _bBIP 1960 |
| 100 | 1 |
_aBiehler, Robert F. _q(Robert Frederick), _d1927- _924400 |
|
| 245 | 1 | 0 |
_aPsychology applied to teaching _cby Robert F. Biehler , Jack Snowman |
| 250 | _a3th ed. | ||
| 260 |
_aBoston : _bHoughton Mifflin, _c1960 |
||
| 300 |
_axix, 873 p. : _bill. ; _c24 cm. |
||
| 504 | _aBibliography: 752-775. | ||
| 650 | 0 |
_aEducational psychology. _924401 |
|
| 700 |
_aSnowman, Jack _9143159 |
||
| 942 |
_2ddc _cBK |
||
| 999 |
_c47041 _d47041 |
||